The twelve dancing princesses and other fairy tales / (Record no. 1763)

MARC details
000 -LEADER
fixed length control field 01683cam a2200385 i 4500
001 - CONTROL NUMBER
control field data
005 - DATE AND TIME OF LATEST TRANSACTION
control field 20260322212116.0
008 - FIXED-LENGTH DATA ELEMENTS--GENERAL INFORMATION
fixed length control field data
035 ## - SYSTEM CONTROL NUMBER
System control number 21051127
010 ## - LIBRARY OF CONGRESS CONTROL NUMBER
LC control number 2018276767
020 ## - INTERNATIONAL STANDARD BOOK NUMBER
International Standard Book Number 9781606600252
Qualifying information (hardcover)
020 ## - INTERNATIONAL STANDARD BOOK NUMBER
International Standard Book Number 1606600257
035 ## - SYSTEM CONTROL NUMBER
System control number (OCoLC)792881274
040 ## - CATALOGING SOURCE
Original cataloging agency BTCTA
Language of cataloging eng
Transcribing agency BTCTA
Description conventions rda
Modifying agency DLC
-- MAC
-- OCLCF
-- YDXCP
-- OCLCQ
-- DLC
042 ## - AUTHENTICATION CODE
Authentication code lccopycat
050 00 - LIBRARY OF CONGRESS CALL NUMBER
Classification number PZ8.Q42
Item number Tw 2012
082 00 - DEWEY DECIMAL CLASSIFICATION NUMBER
Classification number [398.2]
Edition information 23
100 1# - MAIN ENTRY--PERSONAL NAME
Personal name Quiller-Couch, Arthur,
Dates associated with a name 1863-1944,
Relator term author.
245 14 - TITLE STATEMENT
Title The twelve dancing princesses and other fairy tales /
Statement of responsibility, etc. retold by Sir Arthur Quiller-Couch ; illustrated by Kay Nielsen.
264 #1 - PRODUCTION, PUBLICATION, DISTRIBUTION, MANUFACTURE, AND COPYRIGHT NOTICE
Place of production, publication, distribution, manufacture Mineola, New York :
Name of producer, publisher, distributor, manufacturer Calla Editions, an imprint of Dover Publications,
Date of production, publication, distribution, manufacture, or copyright notice 2012.
300 ## - PHYSICAL DESCRIPTION
Extent xii, 163 pages :
Other physical details illustrations (some color) ;
Dimensions 29 cm
336 ## - CONTENT TYPE
Content type term text
Content type code txt
Source rdacontent
337 ## - MEDIA TYPE
Media type term unmediated
Media type code n
Source rdamedia
338 ## - CARRIER TYPE
Carrier type term volume
Carrier type code nc
Source rdacarrier
500 ## - GENERAL NOTE
General note "This Calla edition, first published in 2012, is an unabridged republication of the edition published by Hodder and Stoughton, London, in 1912."
505 0# - FORMATTED CONTENTS NOTE
Formatted contents note Minon-Minette -- Felicia, or, The pot of pinks -- The twelve dancing princesses -- Rosanie, or, The inconstant prince -- The man who never laughed -- John and the ghosts -- The czarina's violet.
650 #0 - SUBJECT ADDED ENTRY--TOPICAL TERM
Topical term or geographic name entry element Fairy tales.
650 #1 - SUBJECT ADDED ENTRY--TOPICAL TERM
Topical term or geographic name entry element Fairy tales.
650 #1 - SUBJECT ADDED ENTRY--TOPICAL TERM
Topical term or geographic name entry element Folklore.
650 #7 - SUBJECT ADDED ENTRY--TOPICAL TERM
Topical term or geographic name entry element Fairy tales.
Source of heading or term fast
Authority record control number or standard number (OCoLC)fst00919916
700 1# - ADDED ENTRY--PERSONAL NAME
Personal name Nielsen, Kay Rasmus,
Dates associated with a name 1886-1957,
Relator term illustrator.
906 ## - LOCAL DATA ELEMENT F, LDF (RLIN)
a 7
b cbc
c copycat
d 2
e ncip
f 20
g y-gencatlg
925 0# -
-- acquire
-- 1 shelf copy
-- policy default
Holdings
Withdrawn status Lost status Damaged status Not for loan Home library Current library Shelving location Date acquired Total checkouts Full call number Barcode Date last seen Price effective from Koha item type
        Fairview Fairview General stacks 22/03/2026   [398.2] LOC-FPL-00048 22/03/2026 22/03/2026 Books